Countries that Search Barbados the Most - Statistics

General Stats
  • This quiz has been taken 19 times
  • The average score is 7 of 10
Answer Stats
Google Trend Score Answer % Correct
2 Saint Lucia
84%
8 St. Vincent and the Grenadines
84%
<1 Trinidad and Tobago
84%
<1 Bahamas
79%
3 Grenada
79%
<1 Jamaica
74%
2 Antigua and Barbuda
68%
<1 United Kingdom
68%
1 Guyana
58%
<1 Panama
53%
No matching quizzes found
Score Distribution
Percent of People with Each Score
Percentile by Number Answered
Your Score History
You have not taken this quiz